| 000 | 00785cac a22002051u 4500 | ||
|---|---|---|---|
| 090 | _c2318 | ||
| 008 | 081109t1997 xxu||||| |||| 00| 0 eng d | ||
| 010 | _a89195864 | ||
| 020 | _a0901715980 | ||
| 020 | _a0901715972 (pbk.) | ||
| 082 | 0 | 0 |
_a158.7 _bF7347 |
| 100 | _aFontana, David. | ||
| 245 | 1 | 0 |
_aManaging stress / _cDavid Fontana. |
| 260 |
_aLeicester : _bBritish Psychological Society and Routledge, London ; _aNew York, NY : _bChapman & Hall [distributor], _c1997 |
||
| 300 |
_aix, 114 p. : _bill. ; _c23 cm. |
||
| 440 | 0 | _aProblems in practice | |
| 650 | 0 | _aJob stress. | |
| 942 |
_cBB _k158.7F7347 _2ddc |
||
| 999 |
_c2318 _d2318 |
||